Sports Championships Quiz - Statistics

General Stats
  • This quiz has been taken 22 times
  • The average score is 14 of 25
Answer Stats
Game Sport % Correct
7) NBA Finals Basketball
100%
6) Super Bowl Football
100%
1) The Masters Golf
100%
5) World Cup Soccer
100%
2) World Series Baseball
95%
3) Stanley Cup Ice Hockey
95%
22) Wimbleton Tennis
95%
17) Tour De France Cycling
90%
4) March Madness College Basketball
85%
24) Mr Olympia Bodybuilding
80%
13) World Aquatics Cup Swimming
75%
8) Daytona 500 Racing
70%
9) CFP Championship College Football
50%
11) ICC World Cup Cricket
50%
12) FIS Championships Skiing
50%
10) Drivers Cup F1
40%
16) PBA World Championship Bowling
35%
14) BWF World Championship Badminton
30%
25) USA World Cup Softball
10%
21) PSA World Cup Squash
10%
15) IBSF World Game Bobsled
5%
19) PDGA Championship Disc Gold
0%
18) IFAF Championship Flag Football
0%
20) FIL World Games Luge
0%
23) Supersport World Games Motorcycling
0%
No matching quizzes found
Score Distribution
Percent of People with Each Score
Percentile by Number Answered
Your Score History
You have not taken this quiz